Statistics for The 20 Players With The Highest Cumulative Transfer Payments

Click here to take the quiz!

General Stats

  • This quiz has been taken 48 times
  • The average score is 14 of 20

Answer Stats

#CountryPlayerCumulative transfer payments% Correct
2SwedenZlatan Ibrahimovic € 169.100.000,00
98%
9WalesGareth Bale € 115.700.000,00
95%
11PortugalCristiano Ronaldo € 113.000.000,00
93%
7UruguayLuis Suárez € 116.520.000,00
93%
17BrazilRonaldo € 100.980.000,00
91%
4ColombiaJames Rodriguez € 127.630.000,00
86%
1ArgentinaÁngel di María € 179.000.000,00
81%
13FrancePaul Pogba € 105.000.000,00
79%
3ArgentinaGonzalo Higuaín € 141.000.000,00
77%
15IrelandRobbie Keane € 103.850.000,00
72%
16ColombiaFalcao € 103.030.000,00
70%
14BelgiumKevin de Bruyne € 104.450.000,00
65%
20ArgentinaCarlos Tévez € 97.300.000,00
56%
18SpainFernando Torres € 99.500.000,00
53%
6ArgentinaHernán Crespo € 119.270.000,00
49%
12BrazilDavid Luiz € 110.000.000,00
47%
10BrazilHulk € 114.800.000,00
47%
5FranceNicolas Anelka € 127.360.000,00
44%
8ArgentinaJuan Sebastián Verón € 116.000.000,00
40%
19BrazilOscar € 98.000.000,00
40%

Score Distribution

Percentile by Number Answered

Percent of People with Each Score

Your Score History

You have not taken this quiz